Detalles MARC
| 000 -CABECERA |
| Longitud fija campo de control |
02144nam a2200337 i 4500 |
| 003 - • IDENTIFICADOR DELl NÚMERO DE CONTROL |
| Identificador del número de control |
CO-BoRNBP |
| 005 - • FECHA Y HORA DE LA ÚLTIMA TRANSACCIÓN |
| Fecha y hora de la última transacción |
20250226110749.0 |
| 007 - • CAMPO FIJO DE DESCRIPCIÓN FÍSICA |
| Campo fijo de descripción física |
ta |
| 008 - • CÓDIGOS DE INFORMACIÓN DE LONGITUD FIJA |
| Códigos de información de longitud fija |
231206s2023 ck a|||er 001 1bspa d |
| 020 ## - • NÚMERO INTERNACIONAL NORMALIZADO PARA LIBROS |
| Número Internacional Normalizado para Libros (ISBN) |
9786287634299 |
| 040 ## - FUENTE DE LA CATALOGACIÓN |
| Centro catalogador de origen |
CO-BoRNBP |
| Lengua de catalogación |
spa |
| Normas de descripción |
rda |
| Centro transcriptor |
CO-BoRNBP |
| 041 0# - • CÓDIGO DE LENGUA |
| Código de lengua del texto/banda sonora o título independiente |
spa |
| 082 04 - • NÚMERO DE LA CLASIFICACIÓN DECIMAL DEWEY |
| Número de clasificación (R) |
364.1523 |
| Número del ítem |
C78m |
| 100 1# - • PUNTO DE ACCESO PRINCIPAL-NOMBRE DE PERSONA |
| Nombre de persona |
Cruz Niño, Esteban, |
| Fechas asociadas al nombre |
1979- , |
| Término indicativo de función |
autor |
| 245 14 - • TITULO PROPIAMENTE DICHO |
| Título |
Los monstruos en Colombia si existen |
| Resto del título |
asesinos en serie/ |
| Mención de responsabilidad, etc. |
Esteban Cruz Niño |
| 250 ## - • MENCIÓN DE EDICIÓN |
| Mención de edición |
Edición especial para el Ministerio de las Culturas |
| 250 ## - • MENCIÓN DE EDICIÓN |
| Mención de edición |
Edición actualizada |
| 264 #1 - PRODUCCIÓN, PUBLICACIÓN , DISTRIBUCIÓN, FABRICACIÓN Y COPYRIGHT |
| Lugar de producción, publicación, distribución, fabricación |
Bogotá, Colombia |
| Nombre del productor, editor, distribuidor, fabricante |
Penguin Random House Grupo Editorial |
| Fecha de de producción, publicación, distribución, fabricación o copyright |
2023 |
| 300 ## - • DESCRIPCIÓN FÍSICA |
| Extensión |
300 páginas |
| Dimensiones |
23 cm |
| 336 ## - TIPO DE CONTENIDO |
| Término de tipo de contenido |
texto |
| Código de tipo de contenido |
txt |
| Fuente |
rdacontenido |
| 337 ## - TIPO DE MEDIO |
| Nombre del tipo de medio |
sin mediación |
| Código del tipo de medio |
n |
| Fuente |
rdamedio |
| 338 ## - TIPO DE SOPORTE |
| Nombre del tipo de soporte |
volumen |
| Código del tipo de soporte |
nc |
| Fuente |
rdasoporte |
| 500 ## - • NOTA GENERAL |
| Nota general |
Incluye datos biográficos del autor |
| 504 ## - • NOTA DE BIBLIOGRAFÍA, ETC |
| Nota de bibliografía, etc. |
Incluye bibliografía |
| 520 3# - • NOTA DE RESUMEN |
| Resumen, etc, |
Los temibles asesinos en serie retratados en este libro tienen varias características en común. Todos tienen personalidades rebeldes y estrambóticas, y fueron hombres formados en las entrañas de la infinita violencia colombiana: hijos despreciados, maltratados y ultrajados.<br/><br/>En este increíble mosaico de monstruos de la vida real, el lector podrá abordar una construcción periodística de mentes diabólicas que, durante años, derramaron por terrenos baldíos, pueblos y ciudades colombianas y de países vecinos la sangre de centenares de víctimas inocentes, la mayoría compuesta por inofensivos niños, niñas y adolescentes, algunos de ellos aún desaparecidos.<br/><br/>Diez años después de la primera edición de este libro. Esteban Cruz nos demuestra que la maldad sigue vigente en nuestro país, revelándonos dos nuevos casos: el de Freddy Valencia, "el Monstruo de Monserrate". y el de Johany Alexander Acuña Hernández, "el Loco de la Piedra".<br/>(Tomado a partes del libro). |
| 521 ## - • NOTA DE PÚBLICO DESTINATARIO |
| Nota público destinatario (R ) |
Recomendado para un público adulto |
| 650 17 - • PUNTO DE ACCESO ADICIONAL DE MATERIA - TÉRMINO DE MATERIA |
| Término de materia o nombre geográfico como elemento inicial |
Asesinos en serie |
| Subdivisión de materia general |
Historia |
| Subdivisión geográfica |
Colombia |
| Fuente del encabezamiento o término |
ARMARC |
| 650 17 - • PUNTO DE ACCESO ADICIONAL DE MATERIA - TÉRMINO DE MATERIA |
| Término de materia o nombre geográfico como elemento inicial |
Conducta criminal |
| Fuente del encabezamiento o término |
ARMARC |
| 650 17 - • PUNTO DE ACCESO ADICIONAL DE MATERIA - TÉRMINO DE MATERIA |
| Término de materia o nombre geográfico como elemento inicial |
Delitos sexuales |
| Fuente del encabezamiento o término |
ARMARC |
| 942 ## - ENTRADA DE ELEMENTOS AGREGADOS (KOHA) |
| Fuente de clasificaión o esquema |
Dewey Decimal Classification |
| Koha [por defecto] tipo de item |
LIbro |